Deutsch : Kurzgrammatik /

Main Author: Holman, Miloslav, 1955-
Language: German
Published: Prag : Holman, 2011
Edition: 2., neu beareitete [i.e. bearbeitete] Aufl.
Subjects:
Physical Description: 16 s. ; 23 x 11 cm
Book
Saved in:
LEADER 01205nam a2200385 a 4500
001 nkc20112219345
003 CZ PrNK
005 20170419101553.0
007 ta
008 110805s2011 xr g 000 0 ger
015 |a cnb002219345 
020 |a 978-80-7426-025-4  |q (skládanka) 
035 |a (OCoLC)752798384 
040 |a ABA001  |b cze 
072 7 |a 811.112.2  |x Němčina  |2 Konspekt  |9 11 
080 |a 811.112.2  |2 MRF 
080 |a 81'36  |2 MRF 
080 |a (048.8)  |2 MRF 
100 1 |a Holman, Miloslav,  |d 1955-  |7 jn20001103210  |4 aut 
245 1 0 |a Deutsch :  |b Kurzgrammatik /  |c [Autor Miloslav Holman] 
246 3 |a Deutsch - Kurzgrammatik 
250 |a 2., neu beareitete [i.e. bearbeitete] Aufl. 
260 |a Prag :  |b Holman,  |c 2011 
300 |a 16 s. ;  |c 23 x 11 cm 
650 0 7 |a němčina  |7 ph115512  |2 czenas 
650 0 7 |a mluvnice  |7 ph115331  |2 czenas 
650 0 9 |a German language  |2 eczenas 
650 0 9 |a grammar  |2 eczenas 
655 7 |a přehledy  |7 fd133202  |2 czenas 
655 9 |a surveys  |2 eczenas 
910 2 |a BOA001  |b 2-1276.775 
990 |a BK 
995 |a 01 
991 |b 201202  |c NOV  |e n 
996 6 |b 2610500710  |c 2-1276.775  |l MZK  |r Sklad / do 1 hodiny  |n 0  |p p.v.  |w 001225155  |u 000010  |a 1  |e BOA001  |j MZK50  |s P